Nghiên cứu sự trao đổi điện tích trên bề mặt dị chất YBa2Cu3O7–x / La0.7Ca0.3MnO3 bằng việc điều khiển sự liên kết bề mặt : Báo cáo tổng kết đề tài Khoa học và Công nghệ cấp trường
Nghiên cứu sự hình thành các trạng thái bề mặt tại bề mặt tiếp xúc giữa YBCO/LCMO và các tính chất dẫn điện và từ của bề mặt trên cơ sở phân tích các kết quả thực nghiệm.
Đã lưu trong:
| 主要作者: | |
|---|---|
| 格式: | 圖書 |
| 語言: | Undetermined |
| 出版: |
Cần Thơ
Trường Đại học Cần Thơ
2017
|
| 主題: | |
| 標簽: |
添加標簽
沒有標簽, 成為第一個標記此記錄!
|
| Thư viện lưu trữ: | Trung tâm Học liệu Trường Đại học Cần Thơ |
|---|
| LEADER | 01150nam a2200205Ia 4500 | ||
|---|---|---|---|
| 001 | CTU_230249 | ||
| 008 | 210402s9999 xx 000 0 und d | ||
| 082 | |a 621.38152 | ||
| 082 | |b Tr100 | ||
| 100 | |a Vũ, Thanh Trà | ||
| 245 | 0 | |a Nghiên cứu sự trao đổi điện tích trên bề mặt dị chất YBa2Cu3O7–x / La0.7Ca0.3MnO3 bằng việc điều khiển sự liên kết bề mặt : | |
| 245 | 0 | |b Báo cáo tổng kết đề tài Khoa học và Công nghệ cấp trường | |
| 245 | 0 | |c Vũ Thanh Trà (Chủ nhiệm đề tài) | |
| 260 | |a Cần Thơ | ||
| 260 | |b Trường Đại học Cần Thơ | ||
| 260 | |c 2017 | ||
| 520 | |a Nghiên cứu sự hình thành các trạng thái bề mặt tại bề mặt tiếp xúc giữa YBCO/LCMO và các tính chất dẫn điện và từ của bề mặt trên cơ sở phân tích các kết quả thực nghiệm. | ||
| 650 | |a Màng (Công nghệ),Membranes (Technology) | ||
| 910 | |b nthai | ||
| 980 | |a Trung tâm Học liệu Trường Đại học Cần Thơ | ||